000 01071nam a2200217 i 4500
001 167052
003 ES-MaACL
005 20250724075057.0
008 931025s1859 fr |||| | fre d
080 _a006.91
100 1 _aVázquez Queipo, Vicente,
_d1804-1893
_9113475
245 1 0 _aEssai sur les systèmes métriques et monétaires des anciens peuples
_b: depuis les premiers temps historiques jusqu'à la fin du Khalifat d'orient /
_cpar Don V. Vázquez Queipo.
260 _aParis :
_bchez Dalmont et Dunod libraire-editeurs :
_bet chez Rollin, libraire-editeur,
_c1859 (
_fImprimé chez Bonaventure et Ducessois)
300 _a3 v. (XXII, 608, [3] h. pleg.; XIV, 455 ; 663 p.) ;
_c26 cm.
597 _aEl T. III, dividido en dos partes, con port. propia : Première partie des tables monnaies grecques ; Deuxième partie des tables monnaies romaines et arables.
650 7 _aPesos y medidas
_2embne
_9136691
650 0 4 _aMoneda.
_915153
752 _aFrancia -
_dParís
852 _aES-MaACL
_jF-5657-59
_z-- Enc. hol.
999 _c167052
_d167052